[Event "Agen 2017 National"]
[Site "?"]
[Date "2017.08.21"]
[Round "3.5"]
[White "Maze, Sebastien"]
[Black "Fressinet, Laurent"]
[Result "1/2-1/2"]
[BlackElo "2650"]
[WhiteElo "2612"]
[LiveChessVersion "1.4.8"]

1. e4 {[%clk 1:23:45]} e5 {[%clk 1:29:40]} 2. Nf3 {[%clk 1:22:11]} Nc6
{[%clk 1:30:06]} 3. Bb5 {[%clk 1:21:49]} Nf6 {[%clk 1:30:28]} 4. d3
{[%clk 1:20:27]} Bc5 {[%clk 1:30:41]} 5. O-O {[%clk 1:17:25]} Nd4
{[%clk 1:28:16]} 6. Nxd4 {[%clk 1:15:38]} Bxd4 {[%clk 1:26:40]} 7. Nd2
{[%clk 1:15:06]} O-O {[%clk 1:25:31]} 8. Nf3 {[%clk 1:12:18]} Bb6
{[%clk 1:25:26]} 9. Nxe5 {[%clk 1:03:44]} d5 {[%clk 1:25:24]} 10. Bf4
{[%clk 0:58:10]} c6 {[%clk 1:20:53]} 11. Ba4 {[%clk 0:57:24]} dxe4
{[%clk 1:21:14]} 12. dxe4 {[%clk 0:56:14]} Nxe4 {[%clk 1:19:55]} 13. Qxd8
{[%clk 0:56:39]} Rxd8 {[%clk 1:18:11]} 14. Bb3 {[%clk 0:56:55]} Rf8
{[%clk 1:15:56]} 15. Nc4 {[%clk 0:55:31]} Nc5 {[%clk 1:14:19]} 16. Nxb6
{[%clk 0:55:29]} axb6 {[%clk 1:14:43]} 17. c3 {[%clk 0:54:24]} Nxb3
{[%clk 1:13:04]} 18. axb3 {[%clk 0:54:52]} Be6 {[%clk 1:13:28]} 19. b4
{[%clk 0:55:03]} Bc4 {[%clk 1:13:13]} 20. Rfd1 {[%clk 0:55:23]} Bb3
{[%clk 1:13:26]} 21. Rf1 {[%clk 0:55:41]} Bc4 {[%clk 1:13:53]} 22. Rfd1
{[%clk 0:56:07]} Bb3 {[%clk 1:14:19]} 23. Rf1 {[%clk 0:56:32]} Bc4
{[%clk 1:14:45]} 1/2-1/2

[Event "Agen 2017 - National Féminin"]
[Site "?"]
[Date "2017.08.21"]
[Round "3.1"]
[White "Haussernot, Cecile"]
[Black "Collas, Silvia"]
[Result "1-0"]
[BlackElo "2289"]
[WhiteElo "2077"]
[LiveChessVersion "1.4.8"]

1. e4 {[%clk 1:30:54]} d6 {[%clk 1:29:58]} 2. d4 {[%clk 1:31:18]} Nf6
{[%clk 1:30:23]} 3. Nc3 {[%clk 1:31:43]} e5 {[%clk 1:30:49]} 4. Nf3
{[%clk 1:32:06]} Nbd7 {[%clk 1:31:00]} 5. Bc4 {[%clk 1:32:24]} Be7
{[%clk 1:31:02]} 6. a4 {[%clk 1:32:39]} O-O {[%clk 1:30:13]} 7. O-O
{[%clk 1:32:56]} c6 {[%clk 1:29:33]} 8. h3 {[%clk 1:26:37]} b6 {[%clk 1:27:53]}
9. Qe2 {[%clk 1:26:14]} a6 {[%clk 1:23:49]} 10. Rd1 {[%clk 1:23:38]} Qc7
{[%clk 1:23:07]} 11. Ba2 {[%clk 1:23:30]} Rb8 {[%clk 1:18:20]} 12. Nh4
{[%clk 1:20:39]} b5 {[%clk 1:00:52]} 13. Nf5 {[%clk 1:07:13]} Re8
{[%clk 1:01:07]} 14. axb5 {[%clk 0:49:30]} axb5 {[%clk 1:01:29]} 15. d5
{[%clk 0:46:35]} Bf8 {[%clk 0:45:14]} 16. dxc6 {[%clk 0:43:45]} Qxc6
{[%clk 0:44:05]} 17. Nd5 {[%clk 0:42:42]} Nxd5 {[%clk 0:36:57]} 18. Bxd5
{[%clk 0:43:01]} Qc7 {[%clk 0:37:21]} 19. Ra3 {[%clk 0:35:53]} Nc5
{[%clk 0:31:01]} 20. Rg3 {[%clk 0:20:26]} Kh8 {[%clk 0:29:32]} 21. Bg5
{[%clk 0:14:45]} Ne6 {[%clk 0:21:21]} 22. Rc3 {[%clk 0:08:31]} Qa7
{[%clk 0:17:21]} 23. Be3 {[%clk 0:07:12]} Qa5 {[%clk 0:16:38]} 24. Bc6
{[%clk 0:06:28]} b4 {[%clk 0:15:44]} 25. Rcd3 {[%clk 0:05:10]} Ba6
{[%clk 0:14:30]} 26. Bxe8 {[%clk 0:05:14]} Rxe8 {[%clk 0:14:27]} 27. Qf3
{[%clk 0:02:58]} Bxd3 {[%clk 0:14:42]} 28. Rxd3 {[%clk 0:03:26]} Qa1+
{[%clk 0:10:31]} 29. Rd1 {[%clk 0:02:36]} Qxb2 {[%clk 0:09:55]} 30. Nxd6
{[%clk 0:02:58]} Bxd6 {[%clk 0:10:14]} 31. Qxf7 {[%clk 0:02:35]} Re7
{[%clk 0:08:39]} 32. Qf5 {[%clk 0:03:03]} Bc7 {[%clk 0:07:18]} 33. Bg5
{[%clk 0:01:37]} Re8 {[%clk 0:06:57]} 34. Qf7 {[%clk 0:01:48]} Rf8
{[%clk 0:06:06]} 35. Qxe6 {[%clk 0:02:16]} Qxc2 {[%clk 0:06:30]} 36. Rd2
{[%clk 0:01:19]} Qb1+ {[%clk 0:04:48]} 37. Kh2 {[%clk 0:01:47]} b3
{[%clk 0:05:12]} 38. Qe7 {[%clk 0:01:49]} Rg8 {[%clk 0:04:17]} 39. Qxc7
{[%clk 0:02:16]} Qxe4 {[%clk 0:04:42]} 40. Qb6 {[%clk 0:30:53]} h6
{[%clk 0:33:59]} 41. Be3 {[%clk 0:29:06]} Qb1 {[%clk 0:33:58]} 42. Rd7
{[%clk 0:28:57]} 1-0

[Event "Agen 2017 - National Féminin"]
[Site "?"]
[Date "2017.08.21"]
[Round "3.2"]
[White "Benmesbah, Natacha"]
[Black "Maisuradze, Nino"]
[Result "1/2-1/2"]
[BlackElo "2280"]
[WhiteElo "2271"]
[LiveChessVersion "1.4.8"]

1. e4 {[%clk 1:23:52]} c5 {[%clk 1:30:58]} 2. Nf3 {[%clk 1:24:17]} e6
{[%clk 1:31:25]} 3. g3 {[%clk 1:24:19]} Nc6 {[%clk 1:31:38]} 4. Bg2
{[%clk 1:24:43]} Nf6 {[%clk 1:31:04]} 5. Qe2 {[%clk 1:24:41]} d5 {[%clk 1:27:38]}
6. exd5 {[%clk 1:23:09]} Nxd5 {[%clk 1:27:56]} 7. O-O {[%clk 1:23:28]} Be7
{[%clk 1:27:06]} 8. Rd1 {[%clk 1:18:11]} Bf6 {[%clk 1:26:21]} 9. Nc3
{[%clk 1:16:33]} Nxc3 {[%clk 1:24:33]} 10. dxc3 {[%clk 1:16:58]} Bd7
{[%clk 1:11:53]} 11. Bf4 {[%clk 1:13:21]} Be7 {[%clk 1:02:31]} 12. Rd2
{[%clk 1:12:10]} Qb6 {[%clk 1:02:22]} 13. Rad1 {[%clk 1:12:33]} Rd8
{[%clk 1:01:50]} 14. Ne5 {[%clk 1:09:54]} Nxe5 {[%clk 1:00:15]} 15. Qxe5
{[%clk 1:05:24]} f6 {[%clk 0:52:54]} 16. Qh5+ {[%clk 1:03:49]} g6
{[%clk 0:52:54]} 17. Qh6 {[%clk 1:03:43]} Bf8 {[%clk 0:48:15]} 18. Qh4
{[%clk 1:03:41]} Be7 {[%clk 0:41:29]} 19. Bh6 {[%clk 0:53:00]} Rg8
{[%clk 0:39:57]} 20. Be3 {[%clk 0:34:31]} h5 {[%clk 0:23:05]} 21. b4
{[%clk 0:32:13]} Qc7 {[%clk 0:19:03]} 22. bxc5 {[%clk 0:29:27]} Kf7
{[%clk 0:15:09]} 23. Bf4 {[%clk 0:24:27]} e5 {[%clk 0:14:02]} 24. Bd5+
{[%clk 0:20:02]} Kg7 {[%clk 0:08:10]} 25. Bxg8 {[%clk 0:18:22]} Bg4
{[%clk 0:06:38]} 26. Rxd8 {[%clk 0:05:05]} Bxd8 {[%clk 0:06:59]} 27. Qxg4
{[%clk 0:04:06]} hxg4 {[%clk 0:07:18]} 28. Be6 {[%clk 0:04:33]} exf4
{[%clk 0:00:37]} 29. Rd7+ {[%clk 0:05:00]} Qxd7 {[%clk 0:00:54]} 30. Bxd7
{[%clk 0:05:26]} fxg3 {[%clk 0:01:16]} 31. hxg3 {[%clk 0:05:35]} f5
{[%clk 0:00:42]} 32. Bc8 {[%clk 0:03:16]} Be7 {[%clk 0:00:54]} 33. Bxb7
{[%clk 0:03:24]} Bxc5 {[%clk 0:01:23]} 34. Kf1 {[%clk 0:03:34]} Kf6
{[%clk 0:01:49]} 35. Ke2 {[%clk 0:03:34]} Ke5 {[%clk 0:02:04]} 36. f3
{[%clk 0:02:31]} gxf3+ {[%clk 0:02:22]} 37. Kxf3 {[%clk 0:02:58]} g5
{[%clk 0:02:29]} 38. g4 {[%clk 0:02:50]} fxg4+ {[%clk 0:01:26]} 39. Kxg4
{[%clk 0:03:16]} Be3 {[%clk 0:01:36]} 40. a4 {[%clk 0:32:46]} a5 {[%clk 0:31:52]}
41. Bc6 {[%clk 0:32:35]} 1/2-1/2

[Event "Agen 2017 - National Féminin"]
[Site "?"]
[Date "2017.08.21"]
[Round "3.3"]
[White "Safranska, Anda"]
[Black "Malassagne, Isabelle"]
[Result "1/2-1/2"]
[BlackElo "2061"]
[WhiteElo "2224"]
[LiveChessVersion "1.4.8"]

1. Nf3 {[%clk 1:30:58]} Nf6 {[%clk 1:30:54]} 2. g3 {[%clk 1:31:23]} g6
{[%clk 1:31:20]} 3. Bg2 {[%clk 1:31:50]} Bg7 {[%clk 1:31:44]} 4. O-O
{[%clk 1:32:14]} d5 {[%clk 1:31:50]} 5. d3 {[%clk 1:32:38]} O-O {[%clk 1:31:49]}
6. Nbd2 {[%clk 1:33:03]} Nc6 {[%clk 1:31:42]} 7. e4 {[%clk 1:33:18]} e5
{[%clk 1:31:30]} 8. exd5 {[%clk 1:33:28]} Nxd5 {[%clk 1:31:53]} 9. Re1
{[%clk 1:33:48]} Nb6 {[%clk 1:27:19]} 10. h3 {[%clk 1:25:07]} Re8
{[%clk 1:23:52]} 11. Ne4 {[%clk 1:24:44]} f5 {[%clk 1:09:15]} 12. Nc3
{[%clk 1:20:51]} h6 {[%clk 1:05:18]} 13. a4 {[%clk 1:17:36]} a5 {[%clk 1:04:46]}
14. Nb5 {[%clk 1:14:47]} Kh7 {[%clk 1:01:03]} 15. c3 {[%clk 1:14:07]} Be6
{[%clk 0:58:30]} 16. Nd2 {[%clk 1:04:32]} Bd5 {[%clk 0:48:55]} 17. Bxd5
{[%clk 1:02:04]} Nxd5 {[%clk 0:49:23]} 18. Nc4 {[%clk 1:01:08]} Qd7
{[%clk 0:49:07]} 19. Kh2 {[%clk 0:59:27]} Rad8 {[%clk 0:48:35]} 20. Qc2
{[%clk 0:54:48]} Nf6 {[%clk 0:41:10]} 21. Rd1 {[%clk 0:52:45]} Qf7
{[%clk 0:39:35]} 22. Qe2 {[%clk 0:49:39]} Rd7 {[%clk 0:37:55]} 23. Bd2
{[%clk 0:43:18]} Red8 {[%clk 0:34:39]} 24. Be1 {[%clk 0:41:17]} Nh5
{[%clk 0:32:34]} 25. f3 {[%clk 0:23:11]} Re8 {[%clk 0:27:01]} 26. Nba3
{[%clk 0:19:40]} Rde7 {[%clk 0:26:24]} 27. Rd2 {[%clk 0:17:57]} b6
{[%clk 0:18:42]} 28. Rad1 {[%clk 0:17:01]} Nd8 {[%clk 0:18:19]} 29. Qf1
{[%clk 0:15:30]} Ne6 {[%clk 0:18:00]} 30. Bf2 {[%clk 0:14:59]} Ng5
{[%clk 0:17:13]} 31. Bg1 {[%clk 0:11:21]} Qd5 {[%clk 0:08:55]} 32. Kg2
{[%clk 0:08:11]} f4 {[%clk 0:06:02]} 33. g4 {[%clk 0:08:25]} Nf6 {[%clk 0:06:10]}
34. h4 {[%clk 0:06:37]} Nf7 {[%clk 0:04:13]} 35. Kh2 {[%clk 0:06:47]} Qd7
{[%clk 0:02:55]} 36. b3 {[%clk 0:07:03]} Nd5 {[%clk 0:03:13]} 37. Rc2
{[%clk 0:07:16]} Bf6 {[%clk 0:02:37]} 38. Qe1 {[%clk 0:07:37]} Qc6
{[%clk 0:02:07]} 39. Kg2 {[%clk 0:07:22]} Qd7 {[%clk 0:01:11]} 40. Bf2
{[%clk 0:36:04]} Qc6 {[%clk 0:30:55]} 41. Qe4 {[%clk 0:31:22]} Kg7
{[%clk 0:24:20]} 42. Nb5 {[%clk 0:29:23]} Re6 {[%clk 0:22:09]} 43. Kf1
{[%clk 0:22:21]} Qd7 {[%clk 0:13:09]} 44. Nba3 {[%clk 0:20:34]} Bd8
{[%clk 0:09:54]} 45. Qe2 {[%clk 0:17:51]} c6 {[%clk 0:08:53]} 46. Nd2
{[%clk 0:17:22]} Be7 {[%clk 0:05:39]} 47. Ndb1 {[%clk 0:09:25]} Qd8
{[%clk 0:03:52]} 48. Qe1 {[%clk 0:09:39]} Bd6 {[%clk 0:01:09]} 49. Ra2
{[%clk 0:08:06]} Qe7 {[%clk 0:01:14]} 50. Nc2 {[%clk 0:06:26]} Bc5
{[%clk 0:01:34]} 51. Bxc5 {[%clk 0:06:21]} Qxc5 {[%clk 0:02:03]} 52. c4
{[%clk 0:06:40]} Nf6 {[%clk 0:01:13]} 53. b4 {[%clk 0:06:14]} axb4
{[%clk 0:01:11]} 54. Qxb4 {[%clk 0:06:35]} Nd7 {[%clk 0:01:21]} 55. Nc3
{[%clk 0:06:38]} Qxb4 {[%clk 0:01:21]} 56. Nxb4 {[%clk 0:07:03]} Nc5
{[%clk 0:01:40]} 57. a5 {[%clk 0:07:11]} bxa5 {[%clk 0:02:00]} 58. Rxa5
{[%clk 0:07:34]} Nb3 {[%clk 0:02:14]} 59. Ra7 {[%clk 0:07:43]} Nd4
{[%clk 0:02:39]} 60. Kf2 {[%clk 0:08:02]} Rb8 {[%clk 0:02:45]} 61. Rb1
{[%clk 0:07:46]} Kf8 {[%clk 0:02:12]} 62. Na6 {[%clk 0:07:53]} Rxb1
{[%clk 0:02:24]} 63. Nxb1 {[%clk 0:08:22]} h5 {[%clk 0:01:46]} 64. Nc7
{[%clk 0:01:53]} Rd6 {[%clk 0:01:06]} 65. Nc3 {[%clk 0:01:12]} hxg4
{[%clk 0:01:21]} 66. fxg4 {[%clk 0:01:39]} Nh6 {[%clk 0:00:57]} 67. Ne4
{[%clk 0:01:30]} Nxg4+ {[%clk 0:01:26]} 68. Kg2 {[%clk 0:01:51]} Rd8
{[%clk 0:01:15]} 69. Ng5 {[%clk 0:01:31]} Ne3+ {[%clk 0:01:24]} 70. Kh3
{[%clk 0:01:31]} Kg8 {[%clk 0:01:24]} 71. Ne4 {[%clk 0:01:00]} Rf8
{[%clk 0:01:15]} 72. Nf2 {[%clk 0:00:59]} f3 {[%clk 0:00:51]} 73. Ra5
{[%clk 0:01:17]} Rf5 {[%clk 0:01:00]} 74. Ne8 {[%clk 0:01:30]} Ne2
{[%clk 0:00:56]} 75. Nd6 {[%clk 0:01:42]} Nf4+ {[%clk 0:00:59]} 76. Kg3
{[%clk 0:01:12]} Ne2+ {[%clk 0:00:42]} 77. Kh3 {[%clk 0:02:13]} Nf4+
{[%clk 0:00:37]} 78. Kg3 1/2-1/2

[Event "Agen 2017 - National Féminin"]
[Site "?"]
[Date "2017.08.21"]
[Round "3.4"]
[White "Milliet, Sophie"]
[Black "Roumegous, Marina"]
[Result "1-0"]
[BlackElo "2142"]
[WhiteElo "2362"]
[LiveChessVersion "1.4.8"]

1. e4 {[%clk 1:30:57]} c6 {[%clk 1:30:56]} 2. d4 {[%clk 1:31:22]} d5
{[%clk 1:31:21]} 3. e5 {[%clk 1:31:40]} Bf5 {[%clk 1:31:28]} 4. h4
{[%clk 1:32:00]} h5 {[%clk 1:30:40]} 5. Bd3 {[%clk 1:32:24]} Bxd3
{[%clk 1:30:06]} 6. Qxd3 {[%clk 1:32:50]} e6 {[%clk 1:29:03]} 7. Bg5
{[%clk 1:33:13]} Qa5+ {[%clk 1:28:39]} 8. Nd2 {[%clk 1:30:09]} Qa6
{[%clk 1:17:02]} 9. c4 {[%clk 1:27:17]} Bb4 {[%clk 1:16:02]} 10. b3
{[%clk 1:27:30]} Nd7 {[%clk 1:11:16]} 11. Ngf3 {[%clk 1:26:12]} Nh6
{[%clk 1:08:16]} 12. O-O {[%clk 1:25:36]} Nf5 {[%clk 1:08:10]} 13. Rfe1
{[%clk 1:01:01]} Rc8 {[%clk 0:57:22]} 14. Qc2 {[%clk 0:50:25]} b6
{[%clk 0:46:35]} 15. a3 {[%clk 0:47:22]} Be7 {[%clk 0:45:10]} 16. Bxe7
{[%clk 0:46:40]} Kxe7 {[%clk 0:44:27]} 17. b4 {[%clk 0:45:20]} Qb7
{[%clk 0:43:00]} 18. c5 {[%clk 0:41:06]} a5 {[%clk 0:36:58]} 19. bxa5
{[%clk 0:29:10]} bxa5 {[%clk 0:34:50]} 20. Rab1 {[%clk 0:29:36]} Qa6
{[%clk 0:33:03]} 21. Nf1 {[%clk 0:25:28]} Rb8 {[%clk 0:29:51]} 22. Qd2
{[%clk 0:25:54]} Rb5 {[%clk 0:25:01]} 23. Rxb5 {[%clk 0:17:00]} Qxb5
{[%clk 0:24:55]} 24. Qg5+ {[%clk 0:17:25]} f6 {[%clk 0:24:18]} 25. exf6+
{[%clk 0:17:50]} gxf6 {[%clk 0:24:39]} 26. Qxf5 {[%clk 0:18:11]} 1-0

[Event "Agen 2017 - National Féminin"]
[Site "?"]
[Date "2017.08.21"]
[Round "3.5"]
[White "Leconte, Maria"]
[Black "Navrotescu, Andreea"]
[Result "1-0"]
[BlackElo "2150"]
[WhiteElo "2208"]
[LiveChessVersion "1.4.8"]

1. e4 {[%clk 1:30:56]} c5 {[%clk 1:30:58]} 2. Nf3 {[%clk 1:31:19]} d6
{[%clk 1:31:23]} 3. d4 {[%clk 1:31:42]} cxd4 {[%clk 1:31:49]} 4. Nxd4
{[%clk 1:32:08]} Nf6 {[%clk 1:32:12]} 5. Nc3 {[%clk 1:32:35]} g6 {[%clk 1:32:37]}
6. Be3 {[%clk 1:32:45]} Bg7 {[%clk 1:33:00]} 7. f3 {[%clk 1:33:10]} Nc6
{[%clk 1:33:20]} 8. Qd2 {[%clk 1:33:34]} O-O {[%clk 1:33:44]} 9. O-O-O
{[%clk 1:34:00]} d5 {[%clk 1:34:09]} 10. Nxc6 {[%clk 1:34:01]} bxc6
{[%clk 1:34:34]} 11. Bh6 {[%clk 1:34:27]} Be6 {[%clk 1:16:14]} 12. Bxg7
{[%clk 1:34:09]} Kxg7 {[%clk 1:16:42]} 13. exd5 {[%clk 1:34:28]} cxd5
{[%clk 1:16:45]} 14. g4 {[%clk 1:34:47]} Qa5 {[%clk 1:09:25]} 15. g5
{[%clk 1:12:02]} Nh5 {[%clk 1:09:38]} 16. Nxd5 {[%clk 0:56:33]} Qxa2
{[%clk 1:09:01]} 17. Qd4+ {[%clk 0:38:16]} f6 {[%clk 1:09:11]} 18. Bc4
{[%clk 0:38:41]} Qa1+ {[%clk 1:06:31]} 19. Kd2 {[%clk 0:39:05]} Qa5+
{[%clk 1:06:21]} 20. b4 {[%clk 0:39:14]} Qd8 {[%clk 1:04:53]} 21. Kc1
{[%clk 0:37:05]} Rc8 {[%clk 0:48:16]} 22. Rhe1 {[%clk 0:35:14]} Bxd5
{[%clk 0:46:53]} 23. Bxd5 {[%clk 0:32:48]} Qc7 {[%clk 0:45:49]} 24. Bb3
{[%clk 0:28:57]} Rfd8 {[%clk 0:37:05]} 25. Qe3 {[%clk 0:29:14]} e5
{[%clk 0:35:06]} 26. gxf6+ {[%clk 0:15:14]} Kxf6 {[%clk 0:35:34]} 27. Kb2
{[%clk 0:14:05]} Nf4 {[%clk 0:32:46]} 28. Rxd8 {[%clk 0:10:35]} Rxd8
{[%clk 0:33:05]} 29. Ra1 {[%clk 0:10:58]} Rd7 {[%clk 0:31:44]} 30. Ra6+
{[%clk 0:11:07]} Kg7 {[%clk 0:31:34]} 31. Rxa7 {[%clk 0:05:21]} Nd3+
{[%clk 0:30:51]} 32. cxd3 {[%clk 0:05:46]} Qxa7 {[%clk 0:31:16]} 33. Qxe5+
{[%clk 0:06:12]} Kh6 {[%clk 0:31:26]} 34. Qf4+ {[%clk 0:02:53]} g5
{[%clk 0:31:39]} 35. Qf6+ {[%clk 0:02:39]} Kh5 {[%clk 0:32:08]} 36. Bc4
{[%clk 0:01:04]} Rb7 {[%clk 0:16:51]} 37. Kb3 {[%clk 0:01:25]} Qb6
{[%clk 0:17:13]} 38. Qxb6 {[%clk 0:01:34]} Rxb6 {[%clk 0:17:41]} 39. b5
{[%clk 0:01:44]} Kh4 {[%clk 0:17:55]} 40. Kb4 {[%clk 0:32:02]} Kh3
{[%clk 0:48:10]} 41. Kc5 {[%clk 0:32:07]} Rb8 {[%clk 0:48:28]} 42. b6
{[%clk 0:25:29]} Kxh2 {[%clk 0:48:02]} 43. d4 {[%clk 0:24:18]} Kg3
{[%clk 0:46:44]} 44. d5 {[%clk 0:24:22]} Kf4 {[%clk 0:35:12]} 45. d6
{[%clk 0:23:36]} Ke5 {[%clk 0:33:50]} 46. d7 {[%clk 0:22:56]} Kf6
{[%clk 0:31:51]} 47. Kc6 {[%clk 0:21:44]} Ke7 {[%clk 0:32:12]} 48. Kc7
{[%clk 0:22:07]} Rd8 {[%clk 0:32:25]} 49. Be6 {[%clk 0:22:09]} Rf8
{[%clk 0:27:42]} 50. b7 {[%clk 0:21:57]} 1-0

[Event "Agen 2017 - Accession"]
[Site "?"]
[Date "2017.08.21"]
[Round "3.1"]
[White "Midoux, Sebastien"]
[Black "Degraeve, Jean-Marc"]
[Result "1/2-1/2"]
[LiveChessVersion "1.4.8"]
[BlackElo "2587"]
[WhiteElo "2321"]

1. Nf3 {[%clk 1:30:44]} g6 {[%clk 1:26:32]} 2. d4 {[%clk 1:30:51]} Bg7
{[%clk 1:26:38]} 3. e3 {[%clk 1:31:09]} c5 {[%clk 1:25:16]} 4. dxc5
{[%clk 1:29:08]} Qa5+ {[%clk 1:24:02]} 5. Nbd2 {[%clk 1:29:32]} Qxc5
{[%clk 1:23:44]} 6. Be2 {[%clk 1:29:52]} b6 {[%clk 1:16:14]} 7. O-O
{[%clk 1:29:33]} Bb7 {[%clk 1:16:41]} 8. a4 {[%clk 1:23:20]} a5 {[%clk 1:00:47]}
9. e4 {[%clk 1:15:46]} Ba6 {[%clk 0:55:38]} 10. Bd3 {[%clk 1:13:34]} Nf6
{[%clk 0:53:18]} 11. Qe2 {[%clk 1:04:40]} O-O {[%clk 0:51:48]} 12. Nb3
{[%clk 0:54:42]} Qc8 {[%clk 0:46:25]} 13. e5 {[%clk 0:40:37]} Nd5
{[%clk 0:46:48]} 14. Bxa6 {[%clk 0:40:11]} Nxa6 {[%clk 0:45:07]} 15. Rd1
{[%clk 0:37:01]} Ndb4 {[%clk 0:43:02]} 16. Bg5 {[%clk 0:35:45]} f6
{[%clk 0:36:08]} 17. exf6 {[%clk 0:29:42]} exf6 {[%clk 0:36:36]} 18. c3
{[%clk 0:24:37]} fxg5 {[%clk 0:35:25]} 19. cxb4 {[%clk 0:24:27]} Nxb4
{[%clk 0:35:24]} 20. Nxg5 {[%clk 0:21:08]} Qc6 {[%clk 0:32:46]} 21. Nf3
{[%clk 0:18:41]} Rae8 {[%clk 0:29:26]} 22. Qd2 {[%clk 0:18:57]} Re4
{[%clk 0:10:04]} 23. Qxd7 {[%clk 0:14:37]} Qxd7 {[%clk 0:10:06]} 24. Rxd7
{[%clk 0:15:06]} Bxb2 {[%clk 0:10:19]} 25. Rad1 {[%clk 0:10:00]} Bf6
{[%clk 0:08:23]} 26. Rb7 {[%clk 0:05:23]} Nc2 {[%clk 0:05:27]} 27. Rc1
{[%clk 0:05:17]} Rb4 {[%clk 0:03:10]} 28. Rxc2 {[%clk 0:03:25]} Rxb3
{[%clk 0:03:39]} 29. h4 {[%clk 0:03:47]} Rb4 {[%clk 0:02:10]} 30. Rc6
{[%clk 0:02:32]} Rxa4 {[%clk 0:01:58]} 31. Rbxb6 {[%clk 0:02:22]} Bd8
{[%clk 0:01:18]} 32. Rb7 {[%clk 0:02:22]} Rb4 {[%clk 0:01:37]} 33. Rxb4
{[%clk 0:00:37]} axb4 {[%clk 0:02:05]} 34. Rc5 {[%clk 0:00:33]} Bf6
{[%clk 0:01:25]} 35. Rb5 {[%clk 0:00:54]} Bc3 {[%clk 0:01:50]} 36. Ng5
{[%clk 0:00:38]} h6 {[%clk 0:00:49]} 37. Ne4 {[%clk 0:00:55]} Rc8
{[%clk 0:01:05]} 38. Rb7 {[%clk 0:00:59]} Be5 {[%clk 0:01:02]} 39. Kf1
{[%clk 0:00:36]} Rc4 {[%clk 0:01:02]} 40. f3 {[%clk 0:30:57]} Rc1+
{[%clk 0:31:03]} 41. Ke2 {[%clk 0:26:05]} Rc2+ {[%clk 0:31:17]} 42. Ke3
{[%clk 0:24:39]} Rxg2 {[%clk 0:30:51]} 43. Rxb4 {[%clk 0:24:19]} Rh2
{[%clk 0:31:04]} 44. Rb5 {[%clk 0:19:52]} Bg7 {[%clk 0:28:51]} 45. Rb6
{[%clk 0:20:00]} Kh7 {[%clk 0:27:40]} 46. Rb7 {[%clk 0:20:01]} Kg8
{[%clk 0:27:53]} 47. Rb8+ {[%clk 0:19:58]} Kh7 {[%clk 0:27:18]} 48. Rb7
{[%clk 0:20:22]} Kg8 {[%clk 0:27:44]} 49. Kd4 1/2-1/2

[Event "Agen 2017 - Accession"]
[Site "?"]
[Date "2017.08.21"]
[Round "3.2"]
[White "Le Roux, Jean-Pierre"]
[Black "Brochet, Philippe"]
[Result "1/2-1/2"]
[LiveChessVersion "1.4.8"]
[BlackElo "2417"]
[WhiteElo "2543"]

1. e4 {[%clk 1:30:23]} e5 {[%clk 1:30:56]} 2. Nf3 {[%clk 1:30:15]} Nf6
{[%clk 1:31:17]} 3. Nxe5 {[%clk 1:28:11]} d6 {[%clk 1:31:34]} 4. Nf3
{[%clk 1:28:37]} Nxe4 {[%clk 1:31:57]} 5. c4 {[%clk 1:29:04]} Be7
{[%clk 1:25:51]} 6. d4 {[%clk 1:27:47]} O-O {[%clk 1:24:30]} 7. Bd3
{[%clk 1:27:38]} Ng5 {[%clk 1:22:18]} 8. Bxg5 {[%clk 1:20:02]} Bxg5
{[%clk 1:21:44]} 9. h4 {[%clk 1:20:27]} Re8+ {[%clk 1:19:17]} 10. Kf1
{[%clk 1:20:32]} Bf6 {[%clk 1:18:29]} 11. Bxh7+ {[%clk 1:05:03]} Kxh7
{[%clk 0:59:49]} 12. Ng5+ {[%clk 1:03:39]} Kg8 {[%clk 1:00:11]} 13. Qh5
{[%clk 1:03:45]} Be6 {[%clk 0:55:37]} 14. d5 {[%clk 0:50:18]} Bf5
{[%clk 0:53:13]} 15. Qxf7+ {[%clk 0:49:57]} Kh8 {[%clk 0:53:38]} 16. Qh5+
{[%clk 0:39:49]} Kg8 {[%clk 0:53:55]} 17. Qf7+ {[%clk 0:15:04]} Kh8
{[%clk 0:53:44]} 18. Qh5+ {[%clk 0:09:06]} Kg8 {[%clk 0:53:42]} 19. Qf7+
{[%clk 0:09:31]} 1/2-1/2

[Event "Agen 2017 - Accession"]
[Site "?"]
[Date "2017.08.21"]
[Round "3.3"]
[White "Bellahcene, Bilel"]
[Black "Duboue, Peio"]
[Result "1-0"]
[LiveChessVersion "1.4.8"]
[BlackElo "2403"]
[WhiteElo "2481"]

1. e4 {[%clk 1:30:56]} e5 {[%clk 1:30:54]} 2. Nf3 {[%clk 1:31:24]} Nc6
{[%clk 1:31:18]} 3. Bb5 {[%clk 1:31:51]} Nf6 {[%clk 1:31:13]} 4. O-O
{[%clk 1:32:17]} Be7 {[%clk 1:31:40]} 5. Nc3 {[%clk 1:32:44]} d6 {[%clk 1:30:50]}
6. d4 {[%clk 1:31:46]} exd4 {[%clk 1:31:16]} 7. Nxd4 {[%clk 1:32:14]} Bd7
{[%clk 1:31:40]} 8. Nxc6 {[%clk 1:32:42]} bxc6 {[%clk 1:31:01]} 9. Bd3
{[%clk 1:33:10]} O-O {[%clk 1:29:03]} 10. f4 {[%clk 1:33:31]} Re8
{[%clk 1:24:55]} 11. b3 {[%clk 1:27:16]} d5 {[%clk 1:11:24]} 12. e5
{[%clk 1:21:13]} Bc5+ {[%clk 1:11:49]} 13. Kh1 {[%clk 1:21:42]} Ng4
{[%clk 1:12:13]} 14. Qe1 {[%clk 1:22:05]} Bd4 {[%clk 1:08:38]} 15. h3
{[%clk 1:15:26]} Re6 {[%clk 0:57:50]} 16. Rb1 {[%clk 1:09:54]} Rh6
{[%clk 0:54:13]} 17. Ne2 {[%clk 1:02:15]} Bb6 {[%clk 0:51:40]} 18. f5
{[%clk 1:01:41]} Qh4 {[%clk 0:46:09]} 19. Bxh6 {[%clk 0:53:49]} Qxh6
{[%clk 0:40:34]} 20. Qg3 {[%clk 0:53:46]} Ne3 {[%clk 0:40:55]} 21. Rf4
{[%clk 0:54:02]} g6 {[%clk 0:39:13]} 22. e6 {[%clk 0:53:53]} fxe6
{[%clk 0:39:08]} 23. fxg6 {[%clk 0:54:16]} e5 {[%clk 0:36:34]} 24. gxh7+
{[%clk 0:53:14]} Kh8 {[%clk 0:36:55]} 25. Rf7 {[%clk 0:53:33]} 1-0